| 000 | 00951nam a2200229 a 4500 | ||
|---|---|---|---|
| 005 | 20130729154005.0 | ||
| 008 | 120514s2011 gw ab frb 000 0 spa d | ||
| 020 | _a9783845490564 | ||
| 041 | _aspa | ||
| 044 | _agx | ||
| 082 | 0 | 4 |
_a333.716 _bG993b |
| 100 | 1 |
_aGuzmán López, Samuel _91073 |
|
| 245 | 1 | 0 |
_aBiósfera : _bexperiencias de gestión ambiental territorial / _cSamuel Guzmán López |
| 260 |
_aSaarbrücken, Alemania _bLAP Lambert Academic Publishing (Editorial Académica Española) _c2011 |
||
| 300 |
_a145 p. _bil., mapas _c22 cm. |
||
| 500 | _aGrupo de investigación Gestión Ambiental Territorial. Facultad de Ciencias Ambientales Universidad Tecnnológica de Pereira, | ||
| 504 | _aIncluye referencias bibliográficas | ||
| 650 | 1 | 7 |
_aGestión ambiental _zPereira (Colombia) _91074 |
| 650 | 1 | 7 |
_aPlanificación regional _zPereira (Colombia) _91075 |
| 650 | 1 | 7 |
_aDesarrollo sostenible _zPereira (Colombia) _91076 |
| 942 |
_2ddc _cImpreso |
||
| 999 |
_c7481 _d7481 |
||